Dzielnice Radomia (z mapą) - Statystyki

Ogólne statystyki
  • Ten quiz został rozwiązany 2 036 razy
  • Średni wynik to 32 z 56
Odpowiedzi na mapie
Odpowiedzi zakodowano w zielono-czerwonej skali na mapie do tego quizu, zgodnie z poniższymi procentami.
 
Statystyki odpowiedzi
Dzielnica % Poprawnych
Gołębiów
89%
Śródmieście
85%
Michałów
82%
Południe
81%
Borki
76%
Idalin
74%
Ustronie
73%
Firlej
71%
Gołębiów I
71%
Planty
71%
Zamłynie
69%
Wacyn
67%
Gołębiów II
66%
Prędocinek
66%
Stare Miasto
66%
Kaptur
64%
Glinice
63%
Sadków
63%
Nowa Wola Gołębiowska
62%
Józefów
61%
Stara Wola Gołębiowska
60%
Wośniki
60%
Godów
59%
Halinów
59%
Janiszpol
59%
Potkanów
59%
osiedle Akademickie
58%
Malczew
56%
osiedle Nad Potokiem
56%
osiedle XV-lecia
56%
Rajec Poduchowny
56%
Dzierzków
54%
Obozisko
54%
Pruszaków
54%
Rajec Szlachecki
54%
Kierzków
53%
Młodzianów
53%
Wincentów
53%
Kozia Góra
52%
Wólka Klwatecka
52%
Krychnowice
51%
Żakowice
51%
Malenice
49%
Miasto Kazimierzowskie
47%
Długojów
46%
Jeżowa Wola
46%
Mleczna
44%
Wielogóra
42%
Brzustówka
41%
Długojów Górny
39%
Kończyce
38%
Koniówka
37%
Huta Józefowska
36%
Młynek Janiszewski
36%
Nowiny Malczewskie
36%
Krzewień
32%
Nie znaleziono quizów pasujących do podanych kryteriów
Rozkład punktacji
Procent ludzi z każdym wynikiem
Percentyl według liczby udzielonych odpowiedzi
Twoja historia wyników
Nie rozwiązałeś tego quizu